Taylor Swift - Paroles it's time to go - Statistiques

Statistiques générales
  • Ce quiz a été pris 26 fois
    23 depuis la dernière actualisation
  • Le résultat moyen est 302 sur 376
Statistiques - réponses
Hint Réponse % Correct
gets
100%
Gets
100%
go
100%
the
100%
The
100%
Couplet 1 When
100%
when
100%
You
100%
you
100%
cold
93%
dinner
93%
he
93%
I
93%
is
93%
it
93%
it's
93%
know
93%
know,
93%
So
93%
time
93%
to
93%
a
87%
and
87%
And
87%
And,
87%
ask
87%
at
87%
back
87%
But
87%
familiar
87%
for
87%
from
87%
got
87%
he's
87%
He's
87%
in
87%
In
87%
my
87%
not
87%
of
87%
old
87%
she
87%
that
87%
That
87%
then
87%
Then
87%
was
87%
who
87%
your
87%
all,
80%
all
80%
behind
80%
come
80%
frozen
80%
gave
80%
givin'
80%
I've
80%
left
80%
like
80%
me
80%
nothin'
80%
on
80%
past
80%
prove
80%
right
80%
sister
80%
Post-refrain Sometimes,
80%
soul
80%
strong
80%
thing
80%
up
80%
what
80%
why
80%
wondered
80%
Couplet 3 15
73%
fact
73%
job,
73%
tears
73%
whispers
73%
Will
73%
will
73%
years
73%
years,
73%
boss
67%
brave
67%
break
67%
breaks
67%
friends
67%
just
67%
little
67%
million
67%
snaps
67%
tab
67%
twin
67%
words
67%
yours
67%
Couplet 2 20
60%
ache
60%
Begging
60%
bled
60%
chatter
60%
dreams
60%
each
60%
find
60%
glass
60%
insisting
60%
knees
60%
Look
60%
moment
60%
one
60%
other
60%
out
60%
run
60%
She's
60%
son
60%
again,
53%
body
53%
same
53%
seemed,
53%
bones
47%
caught
47%
his
47%
kids,
47%
Now
47%
only
47%
palace
47%
Praying
47%
sits
47%
spot
47%
throne
47%
'til
47%
worse
47%
hearts
40%
how
40%
keeping
40%
stay
40%
their
40%
trying
40%
walkin'
40%
greed
33%
Or
33%
crook
27%
well,
27%
Aucun quiz correspondant
Distribution des résultats
% des personnes avec chaque résultat
Percentile par nombre de réponses
Votre historique - résultats
Vous n’avez pas pris ce quiz depuis la dernière actualisation